000
00281nam a2200121Ia 4500
005
20251222144703.0
008
251222s9999||||xx |||||||||||||| ||spa||
020
_a
9972-891-22-8
082
_a
759.02/C76
245
0
_a
Maestros de la Pintura
264
_b
El Comercio
942
_c
LIB
999
_c
17540
_d
17540